000
00349nam a2200145Ia 4500
008
240624s9999 xx 000 0 und d
041
_a
eng
082
_a
658.787 WAT
100
_a
WATERS DONALD
245
_a
INVENTORY CONTROL AND MANAGEMENT
250
_a
(2nd ed.)
260
_c
2003
_a
Singapore
_b
John Wiley
300
_a
xiv, : 391
365
_c
RS
999
_c
1309
_d
1309